Statistics for All 50k+ Cities in France with a Map

Click here to take the quiz!

General Stats

  • This quiz has been taken 305 times
  • The average score is 66 of 130

Answers on the Map

Answers color-coded by a green-red scale on the quiz's map according to % correct below.
Loading ...
 

Answer Stats

RegionPopulationCity% Correct
Île-de-France2,187,526Paris
100%
Nouvelle-Aquitaine254,436Bordeaux
97%
Provence-Alpes-Côte d'Azur863,310Marseille
97%
Auvergne-Rhône-Alpes516,092Lyon
96%
Provence-Alpes-Côte d'Azur340,017Nice
96%
Occitanie479,553Toulouse
95%
Pays de la Loire309,346Nantes
95%
Hauts-de-France232,787Lille
95%
Grand Est280,966Strasbourg
94%
Bourgogne-Franche-Comté156,920Dijon
88%
Brittany140,064Brest
88%
Occitanie285,121Montpellier
87%
Brittany216,815Rennes
87%
Hauts-de-France73,911Calais
87%
Corsica70,659Ajaccio
85%
Centre-Val de Loire116,685Orléans
84%
Normandy170,147Le Havre
83%
Provence-Alpes-Côte d'Azur171,953Toulon
83%
Grand Est104,286Nancy
83%
Auvergne-Rhône-Alpes158,454Grenoble
82%
Normandy110,145Rouen
81%
Grand Est116,429Metz
81%
Île-de-France85,862Versailles
81%
Auvergne-Rhône-Alpes172,565Saint-Étienne
80%
Hauts-de-France87,353Dunkirk
79%
Provence-Alpes-Côte d'Azur91,921Avignon
78%
Grand Est182,460Reims
78%
Île-de-France111,135Saint-Denis
76%
Normandy105,354Caen
76%
Réunion147,931Saint-Denis
76%
Provence-Alpes-Côte d'Azur73,868Cannes
75%
Occitanie150,610Nîmes
74%
Centre-Val de Loire135,787Tours
74%
Nouvelle-Aquitaine132,175Limoges
74%
Auvergne-Rhône-Alpes143,886Clermont-Ferrand
74%
Hauts-de-France134,057Amiens
73%
Pays de la Loire152,960Angers
71%
Occitanie120,158Perpignan
71%
Pays de la Loire142,946Le Mans
71%
Provence-Alpes-Côte d'Azur142,482Aix-en-Provence
71%
Grand Est109,443Mulhouse
69%
French Guiana61,268Cayenne
69%
Pays de la Loire54,372La Roche-sur-Yon
67%
Nouvelle-Aquitaine77,130Pau
63%
Bourgogne-Franche-Comté115,934Besançon
63%
Auvergne-Rhône-Alpes147,712Villeurbanne
62%
Nouvelle-Aquitaine75,735La Rochelle
61%
Auvergne-Rhône-Alpes126,924Annecy
60%
Brittany62,985Quimper
59%
Grand Est69,105Colmar
59%
Nouvelle-Aquitaine88,291Poitiers
58%
Normandy79,200Cherbourg-en-Cotentin
55%
Grand Est61,652Troyes
54%
Hauts-de-France96,990Roubaix
53%
Nouvelle-Aquitaine51,228Bayonne
53%
Auvergne-Rhône-Alpes63,714Valence
51%
Brittany57,149Lorient
51%
Martinique80,041Fort-de-France
51%
Occitanie77,177Béziers
50%
Centre-Val de Loire64,551Bourges
50%
Auvergne-Rhône-Alpes58,919Chambéry
50%
Brittany53,352Vannes
47%
Hauts-de-France97,368Tourcoing
47%
Île-de-France120,071Boulogne-Billancourt
47%
Provence-Alpes-Côte d'Azur72,999Antibes
46%
Pays de la Loire69,993Saint-Nazaire
46%
Provence-Alpes-Côte d'Azur52,548Arles
45%
Île-de-France110,210Argenteuil
44%
Occitanie60,810Montauban
41%
Occitanie54,700Narbonne
41%
Île-de-France109,897Montreuil
41%
Hauts-de-France53,816Saint-Quentin
41%
Hauts-de-France56,254Beauvais
41%
Île-de-France95,105Nanterre
40%
Provence-Alpes-Côte d'Azur55,588Hyères
40%
Réunion84,212Saint-Pierre
39%
Île-de-France90,605Créteil
38%
Nouvelle-Aquitaine58,707Niort
38%
Provence-Alpes-Côte d'Azur52,672Fréjus
37%
Réunion104,519Saint-Paul
35%
Île-de-France65,177Cergy
35%
Île-de-France60,361Neuilly-sur-Seine
34%
Réunion78,629Le Tampon
33%
Hauts-de-France63,408Villeneuve-d'Ascq
33%
Provence-Alpes-Côte d'Azur50,396Grasse
32%
Île-de-France61,070Clichy
32%
Île-de-France62,052Ivry-sur-Seine
32%
Île-de-France62,570Antony
31%
Île-de-France68,451Issy-les-Moulineaux
31%
Nouvelle-Aquitaine63,808Pessac
31%
Île-de-France67,967Évry-Courcouronnes
31%
Mayotte71,437Mamoudzou
30%
Pays de la Loire53,917Cholet
30%
Nouvelle-Aquitaine70,105Mérignac
30%
Île-de-France85,177Colombes
29%
Île-de-France86,375Aubervilliers
29%
Île-de-France54,753Villejuif
28%
Île-de-France71,318Drancy
27%
Provence-Alpes-Côte d'Azur63,936La Seyne-sur-Mer
27%
Île-de-France85,740Aulnay-sous-Bois
27%
Île-de-France93,557Vitry-sur-Seine
27%
Île-de-France54,991Meaux
26%
Réunion53,365Saint-Louis
26%
Île-de-France53,640Bobigny
26%
Île-de-France64,379Levallois-Perret
26%
Provence-Alpes-Côte d'Azur50,928Cagnes-sur-Mer
25%
Auvergne-Rhône-Alpes65,894Vénissieux
25%
Guadeloupe53,491Les Abymes
25%
Île-de-France85,191Asnières-sur-Seine
25%
Île-de-France81,719Courbevoie
25%
Île-de-France68,183Noisy-le-Grand
24%
Île-de-France77,630Champigny-sur-Marne
24%
Île-de-France78,152Rueil-Malmaison
24%
Île-de-France74,859Saint-Maur-des-Fossés
23%
Île-de-France58,587Sarcelles
23%
Île-de-France50,833Massy
22%
Île-de-France51,292Corbeil-Essonnes
21%
Île-de-France55,084Épinay-sur-Seine
21%
Île-de-France51,108Saint-Ouen-sur-Seine
21%
Île-de-France57,482Pantin
21%
Île-de-France53,353Bondy
20%
Réunion56,268Saint-André
20%
Île-de-France55,655Maisons-Alfort
19%
Île-de-France51,016Sevran
19%
Île-de-France52,971Clamart
18%
Île-de-France54,917Chelles
17%
Île-de-France51,967Sartrouville
17%
Île-de-France50,260Montrouge
16%
Île-de-France52,939Fontenay-sous-Bois
15%
Île-de-France56,783Le Blanc-Mesnil
15%

Score Distribution

Percentile by Number Answered

Percent of People with Each Score

Your Score History

You have not taken this quiz